000 004340000a22001690004500
003 MACL
005 20160106133323.0
008 160106b xxu||||| |||| 00| 0 eng d
040 _aMACL
_cMACL
041 _aEnglish
082 _a900/GRA
100 _aGranott, A
_928665
245 _aAgrarian Reform And The Record of israel
260 _bEyre & spottiswoode
_c1956
_aLondon
650 _aHistory
_928666
942 _cBK
_k900/Gra
_2ddc
999 _c34738
_d34738